000 00722nas a2200241 4500
001 BR8006440
003 BR-BrBNA
005 20231205084422.0
007 ta
008 230509b bl.|||p| |||| 00| 00por d
040 _aBR-BrBNA
_bpor
_cBiblioteca Nacional de Agricultura
041 _a(Pt)
072 _aL72
100 1 _aSantos, J.O.P. dos
100 1 _aConstanzi, A.R.
245 1 _aVerminose em ovinos na Estacao Experimental Zootecnica de Vacaria [Rio Grande do Sul, Brasil]
650 _aOVINO
650 _aVERMINOSE
650 _aRIO GRANDE DO SUL
773 0 _tLavoura Pecuaria (Brazil)
_x
_g(Dec 1980), v. 3(14) p. 11-13
_wBR8006440
909 _a202311
_bLúcia
_c55
_dLúcia Elande
942 _2AGRIS
_n0
_cANA
999 _c105100
_d105100